滋賀県の全鉄道駅 - Statistics

General Stats
  • This quiz has been taken 4 times
  • The average score is 89 of 133
Answer Stats
駅名 % Correct
米原
100%
近江塩津
100%
余呉
100%
虎姫
100%
長浜
100%
彦根
100%
南彦根
100%
能登川
100%
安土
100%
近江八幡
100%
守山
100%
栗東
100%
草津
100%
南草津
100%
瀬田
100%
石山
100%
膳所
100%
大津
100%
マキノ
100%
近江今津
100%
新旭
100%
近江高島
100%
近江舞子
100%
堅田
100%
比叡山坂本
100%
大津京
100%
甲西
100%
京阪石山
100%
京阪膳所
100%
びわ湖浜大津
100%
日野
100%
水口
100%
信楽
100%
柏原
75%
近江長岡
75%
醒ヶ井
75%
木ノ本
75%
高月
75%
篠原
75%
野洲
75%
永原
75%
近江中庄
75%
安曇川
75%
北小松
75%
比良
75%
志賀
75%
蓬莱
75%
和邇
75%
小野
75%
おごと温泉
75%
唐崎
75%
油日
75%
甲賀
75%
甲南
75%
貴生川
75%
石部
75%
京阪大津京
75%
フジテック前
75%
ひこね芹川
75%
彦根口
75%
高宮
75%
豊郷
75%
愛知川
75%
八日市
75%
京セラ前
75%
水口松尾
75%
水口城南
75%
スクリーン
75%
多賀大社前
75%
新八日市
75%
勅旨
75%
河毛
50%
田村
50%
坂田
50%
河瀬
50%
稲枝
50%
三雲
50%
手原
50%
石山寺
50%
膳所本町
50%
三井寺
50%
大谷
50%
鳥居本
50%
五箇荘
50%
河辺の森
50%
桜川
50%
水口石橋
50%
武佐
50%
紫香楽宮跡
50%
寺庄
25%
唐橋前
25%
粟津
25%
瓦ヶ浜
25%
中ノ庄
25%
25%
石場
25%
島ノ関
25%
大津市役所前
25%
近江神宮前
25%
南滋賀
25%
滋賀里
25%
穴太
25%
松ノ馬場
25%
坂本比叡山口
25%
追分
25%
上栄町
25%
尼子
25%
長谷野
25%
大学前
25%
朝日大塚
25%
朝日野
25%
太郎坊宮前
25%
雲井
25%
玉桂寺前
25%
市辺
0%
平田
0%
ケーブル坂本
0%
ほうらい丘
0%
もたて山
0%
ケーブル延暦寺
0%
No matching quizzes found
Score Distribution
Percent of People with Each Score
Percentile by Number Answered
Your Score History
You have not taken this quiz